MARC

Tag First Indicator Second Indicator Subfields
LEADER 00000cam a22000005u 4500
001 in00002786889
005 20190331170702.0
006 m o d
007 cr nn 008mam|a
008 041008t2004 gw fo || 0 0 |||||
020 |a 9780784407585 
035 |a (American Society of Civil Eng)10.1061/9780784407585 
040 |d UtOrBLW 
245 0 0 |a H2GEO :  |b Geotechnical Engineering for Water Resources /  |c Edited by Richard L. Wiltshire, Christoph M. Goss, Harold W. Olsen. 
264 1 |a Reston, VA :  |b American Society of Civil Engineers,  |c 2004. 
300 |a 1 online resource. 
336 |a text  |b txt  |2 rdacontent 
337 |a computer  |b c  |2 rdamedia 
338 |a online resource  |b cr  |2 rdacarrier 
490 1 |a Geotechnical Practice Publications 
500 |a Electronic resource. 
653 |a Proceedings  |a Geo-Institute (G-I)  |a Geotechnics  |a Water and water resources  |a Available in Print 
655 7 |a Electronic books.  |2 local 
700 1 |a Wiltshire, Richard L. 
700 1 |a Goss, Christoph M. 
700 1 |a Olsen, Harold W. 
730 0 |a ASCE Library. 
830 0 |a Geotechnical Practice Publications. 
856 4 0 |u http://proxy.library.tamu.edu/login?url=http://ascelibrary.org/action/showBook?doi=10.1061%2F9780784407585  |z Connect to the full text of this electronic book  |t 0 
999 |a MARS 
999 f f |s 34c49a30-6842-3458-82ba-1753a9f8fd45  |i dfcf333e-9e60-3bc2-8cbf-01961488bae8  |t 0 
952 f f |a Texas A&M University  |b College Station  |c Electronic Resources  |d Available Online  |t 0  |h No information provided 
998 f f |t 0  |l Available Online